Lewis acid-base indicators

Bibliographic Details
Main Author: Linert, W. (Author)
Format: Article
Language:English
Subjects:

MARC

LEADER 00000nab a2200000 a 4500
001 vtls000534220
003 SK-MaSNL
005 20260319074312.0
008 160204c1993 xo 0 eng
015 |a SNBRA19rr/mm-uuuuu 
035 |a CL0534358 
040 |a SNKBUCL  |b slo  |c SNKBUCL  |e AACR2 
041 0 |a eng 
044 |a xo  |c SK 
080 |a 541.8-43:541.12  |2 1981 
080 |a 541.12  |2 1981 
080 |a 541.49  |2 1981 
100 1 |a Linert, W.  |4 aut  |9 987226 
245 1 0 |a Lewis acid-base indicators  |c W. Linert 
300 |b Tab. 1, res. angl., lit. 6 zázn. v angl., nem. 
650 0 7 |a indikátory acidobázické Lewisove  |2 snkbucl  |9 987227 
655 7 |a články zo zborníkov  |2 snkbucl  |9 166140 
773 0 |t Contributions to development of coordination chemistry  |d Bratislava : Slovenská technická univerzita, 1993  |g S. 45-50  |z 802270556X 
850 |a Slovenská národná knižnica v Martine  |a MTA001 
852 |a SNK  |b KIS3GCP 
958 |a NB 
958 |a RK 
992 |a RZB 
999 |c 1585708  |d 1587638